ბათუმის შოთა რუსთაველის სახელმწიფო უნივერსიტეტის ბიბლიოთეკა

წელიწადის ოთხი დრო (ბიბ.ჩანაწერი № 48796)

000 -LEADER
fixed length control field 00816nam a2200217Ia 4500
001 - CONTROL NUMBER
control field 15698
003 - CONTROL NUMBER IDENTIFIER
control field GE_BSU
008 - FIXED-LENGTH DATA ELEMENTS--GENERAL INFORMATION
fixed length control field 181216s||||||||xx |||||||||||||| ||und||
040 ## - CATALOGING SOURCE
Transcribing agency GE_BSU
080 ## - UNIVERSAL DECIMAL CLASSIFICATION NUMBER
Universal Decimal Classification number 82-93
245 ## - TITLE STATEMENT
Title წელიწადის ოთხი დრო
245 ## - TITLE STATEMENT
Remainder of title ლექსები და მოთხრობები უმცრ. და საშ. სკოლის ასაკის ბავშვთათვის
245 ## - TITLE STATEMENT
Statement of responsibility, etc. რედ.ი.გრიშაშვილი.
260 ## - PUBLICATION, DISTRIBUTION, ETC.
Place of publication, distribution, etc. თბილისი
260 ## - PUBLICATION, DISTRIBUTION, ETC.
Name of publisher, distributor, etc. საბლიტგამი
260 ## - PUBLICATION, DISTRIBUTION, ETC.
Date of publication, distribution, etc. 1954
300 ## - PHYSICAL DESCRIPTION
Extent 254გვ. : ილ. ; 27სმ.
653 ## - INDEX TERM--UNCONTROLLED
Uncontrolled term ლექსები და მოთხრობები
653 ## - INDEX TERM--UNCONTROLLED
Uncontrolled term წელიწადის ოთხი დრო
942 ## - ADDED ENTRY ELEMENTS (KOHA)
Koha item type წიგნი
ეგზემპლარები
Withdrawn status Lost status Damaged status Not for loan Date acquired Barcode Date last seen Price effective from Koha item type
        2018-12-17 38988 2018-12-17 2018-12-17 წიგნი